000 00145nam a2200061Ia 4500
999 _c10584
_d10584
003 OSt
005 20230429061702.0
008 170523s9999 xx 000 0 und d
040 _cIIMT UNIVERSITY MEERUT
100 _aMEHTA VERSHA
245 0 _aMANAGEMENT INFORMATION SYSTEM
260 _aNEW DELHI
_bANMOL
_c1998
300 _a471
942 _2ddc
_c02